|
|
|
|
| LEADER |
01114nam a2200289 a 4500 |
| 001 |
12210622 |
| 008 |
120215s2001 mau b 001 0 eng |
| 010 |
|
|
|a 00053942
|
| 020 |
|
|
|a 0674005325
|
| 040 |
|
|
|a DLC
|c DLC
|d DLC
|d BD-DhAAL
|
| 050 |
0 |
0 |
|a LB2325
|b .K43 2001
|
| 082 |
0 |
0 |
|a 378
|2 21
|
| 999 |
|
|
|c 11884
|d 11884
|
| 999 |
|
|
|c 11884
|
| 100 |
1 |
|
|a Kerr, Clark,
|d 1911-
|9 1761
|
| 245 |
1 |
4 |
|a The uses of the university /
|c Clark Kerr.
|
| 250 |
|
|
|a 5th ed.
|
| 260 |
|
|
|a Cambridge, Mass. :
|b Harvard University Press,
|c c2001.
|
| 300 |
|
|
|a xiii, 261 p. ;
|c 22 cm.
|
| 500 |
|
|
|a "With A new chapter and preface"--Cover.
|
| 500 |
|
|
|a "The Godkin lectures on the essentials of free government and the duties of the citizen"--T.p. verso.
|
| 504 |
|
|
|a Includes bibliographical references (p. [231]-252) and index.
|
| 541 |
|
|
|e 00024494
|
| 650 |
|
0 |
|a Education, Higher.
|9 1762
|
| 852 |
1 |
|
|a Ayesha Abed Library
|c General shelf.
|
| 942 |
|
|
|2 ddc
|c BK
|
| 952 |
|
|
|0 0
|1 0
|2 ddc
|4 0
|6 378_KER
|7 0
|9 19435
|a BRACUL
|b BRACUL
|c GEN
|d 2012-02-15
|e karim International
|g 2400.00
|l 3
|m 3
|o 378 KER
|p 3010024494
|r 2022-08-22
|s 2022-08-10
|t 1
|w 2012-02-15
|y BK
|